El grupo de discusión: una herramienta para la investigación cualitativa
Guardat en:
| Autor principal: | |
|---|---|
| Format: | Llibre |
| Idioma: | espanyol |
| Publicat: |
Barcelona
Laertes
2005
|
| Edició: | 1a. ed |
| Col·lecció: | Colección Educación, 113
|
| Matèries: | |
| Etiquetes: |
Afegir etiqueta
Sense etiquetes, Sigues el primer a etiquetar aquest registre!
|
MARC
| LEADER | 00000cam a2200000 a 4500 | ||
|---|---|---|---|
| 001 | UCJ1129 | ||
| 003 | CL-VaPUC | ||
| 008 | 060929e20050000SP |||||||||||||||||spa|d | ||
| 020 | |a 8475845541 | ||
| 082 | 0 | 4 | |a 302.34 |b SUA |2 21 |
| 100 | 0 | |a Suárez Ortega, Magdalena |e author |9 501670 | |
| 245 | 1 | 3 | |a El grupo de discusión: una herramienta para la investigación cualitativa |
| 250 | |a 1a. ed | ||
| 300 | |a 143 p | ||
| 942 | |c BK | ||
| 945 | |d 20060929 00:00:00 |a jtorresc | ||
| 260 | |a Barcelona |b Laertes |c 2005 | ||
| 500 | |a www.laertes.es | ||
| 650 | 0 | |a Dinámica de grupos |9 259862 | |
| 650 | 0 | |a Métodos de investigación |9 262618 | |
| 650 | 0 | |a Investigación cualitativa |9 389535 | |
| 650 | 0 | |a Ciencias sociales |v Investigación |9 307767 | |
| 583 | |a last modification |c 20160121 10:15:33 |k Rodrigo Vera | ||
| 490 | 0 | |a Colección Educación, 113 | |
| 999 | |c 317840 |d 317838 | ||
| 952 | |0 0 |1 0 |4 0 |6 302_340000000000000_SUA_2005 |7 0 |8 R |9 394820 |a BIBGIM |b BIBGIM |d 2019-11-22 |i 4282396 |o 302.34 SUA 2005 |p 4282396 |r 2025-01-15 |w 2019-11-22 |y BK_R |k SSL | ||
| 952 | |0 0 |1 0 |4 0 |6 302_340000000000000_SUA_2005 |7 0 |8 A |9 394821 |a BIBHIS |b BIBHIS |d 2019-11-22 |i 4589025 |o 302.34 SUA 2005 |p 4589025 |r 2025-01-20 |w 2019-11-22 |y BK |k HIS | ||
| 952 | |0 0 |1 0 |3 erb |4 0 |6 302_340000000000000_SUA_2005 |7 0 |8 A |9 394822 |a BIBEDU |b BIBEDU |i 5263166 |o 302.34 SUA 2005 |p 5263166 |r 2019-11-22 |w 2019-11-22 |y BK |z Catalogado en:20160121 |k EPE | ||
| 952 | |0 0 |1 0 |3 erb |4 0 |6 302_340000000000000_SUA_2005 |7 0 |8 A |9 394823 |a BIBEDU |b BIBEDU |i 5263174 |o 302.34 SUA 2005 |p 5263174 |r 2019-11-22 |w 2019-11-22 |y BK |z Catalogado en:20160121 |k EPE | ||
| 952 | |0 0 |1 0 |3 erb |4 0 |6 302_340000000000000_SUA_2005 |7 0 |8 A |9 394824 |a BIBEDU |b BIBEDU |i 5263182 |o 302.34 SUA 2005 |p 5263182 |r 2019-11-22 |w 2019-11-22 |y BK |z Catalogado en:20160121 |k EPE | ||